000 00866nam a2200253 a 4500
001 67874
003 BD-RjUL
005 20211209081713.0
008 850813r19531906enk 000 0 eng d
035 _a(BD-RjUL)68083
040 _aRBN
_cRBN
_dEQO
_dBD-RjUL
_beng
041 _aeng
082 _223
_a531.1
_bLOS 1906
100 1 _aLoney, S. L.
_q(Sidney Luxton),
_d1860-1939.
_9138789
245 1 0 _aSolutions of the examples in the Elements of statics and dynamics. /
_cS. L. Loney.
250 _a4th ed.
260 _aCambridge :
_bUniversity press,
_c1906. (Reprinted) 1953
300 _a[8], 391 p. ;
_c17 cm.
490 1 _aPitt Press mathematical series
650 _aDynamics
_9201214
700 1 _aLoney, S. L.
_q(Sidney Luxton),
_d1860-1939.
_tElements of statics and dynamics.
_9201215
830 0 _aPitt Press mathematical series
_9201216
942 _2ddc
_cBK
999 _c67874
_d67874